|
|
|
|
| LEADER |
01026nam a2200253 a 4500 |
| 001 |
4520218 |
| 008 |
990630s2000 caua b 001 0 eng d |
| 010 |
|
|
|a 99006713
|
| 020 |
|
|
|a 0761986545 (acid-free paper)
|
| 020 |
|
|
|a 0803968906
|
| 040 |
|
|
|a DLC
|c DLC
|d DLC
|
| 082 |
0 |
0 |
|a 301
|2 21
|
| 100 |
1 |
|
|a Newman, David M.,
|d 1958-
|
| 245 |
1 |
0 |
|a Sociology :
|b exploring the architecture of everyday life /
|c David M. Newman ; visual essays edited by Douglas Harper.
|
| 250 |
|
|
|a 3rd ed.
|
| 260 |
|
|
|a Thousand Oaks, Calif. :
|b Pine Forge Press,
|c c2000.
|
| 300 |
|
|
|a xxix, 594 p. :
|b ill. ;
|c 24 cm.
|
| 504 |
|
|
|a Includes bibliographical references (p. 548-579) and index.
|
| 541 |
1 |
|
|e 00009714
|
| 650 |
|
0 |
|a Sociology.
|
| 700 |
1 |
|
|a Harper, Douglas A.
|
| 852 |
4 |
|
|a Ayesha Abed Library
|j General Shelf.
|
| 999 |
|
|
|c 3404
|d 3404
|
| 952 |
|
|
|0 0
|1 0
|2 ddc
|4 0
|6 301_NEW_200000000000000
|7 0
|9 3090
|a BRACUL
|b BRACUL
|c GEN
|d 2009-09-01
|g 0.00
|l 8
|m 18
|o 301 NEW
|p 3010009714
|r 2024-02-12
|s 2024-01-29
|t 1
|w 2009-09-01
|y BK
|x No price found in the accession register.
|